000
00328nam a2200133Ia 4500
008
240624s9999 xx 000 0 und d
041
_a
eng
082
_a
658.4038011 BRA
100
_a
BRADY JOSEPH A
245
_a
ADVANCED CASES IN MIS
260
_c
2002
_a
Singapore
_b
Thomson Asia
300
_a
x, : 222 : cm. ; 28
365
_c
RS
999
_c
1925
_d
1925